[Event "Chigorin Memorial 22nd"]
[Site "St Petersburg"]
[Date "2014.10.23"]
[Round "6"]
[White "Mikhailov, Ivan"]
[Black "Ivanov, Sergei V"]
[Result "1-0"]
[WhiteElo "1959"]
[BlackElo "2146"]
[PlyCount "67"]
[EventDate "2014.10.18"]
[EventType "swiss"]
[EventRounds "9"]
[EventCountry "RUS"]
[SourceTitle "EXT 2015"]
[Source "ChessBase"]
[SourceDate "2014.11.20"]
[SourceVersion "1"]
[SourceVersionDate "2014.11.20"]
[SourceQuality "1"]

1. d4 Nc6 2. e4 d5 3. e5 Bf5 4. c3 f6 5. Bf4 fxe5 6. dxe5 e6 7. Bd3 Nge7 8. Nf3 Bxd3 9. Qxd3 Ng6 10. Bg3 Qd7 11. Nbd2 a6 12. Nb3 Nce7 13. c4 Nf5 14. cxd5 Bb4+ 15. Nbd2 Qxd5 16. Qxd5 exd5 17. 0-0 0-0-0 18. Nb3 h5 19. h3 Nxg3 20. fxg3 Be7 21. Rac1 Rhf8 22. Kh2 Kd7 23. Rfd1 c6 24. Nbd4 Rfe8 25. a3 Bf8 26. Re1 Kc8 27. Nxc6 bxc6 28. Rxc6+ Kb7 29. Rxg6 Rc8 30. e6 Rc2 31. Nd4 Rxb2 32. e7 Rxe7 33. Rxe7+ Bxe7 34. Rxg7 1-0

[Event "RUS-chT U20"]
[Site "Kolomna"]
[Date "2014.08.03"]
[Round "2"]
[White "Payanidi, Janis"]
[Black "Mikhailov, Ivan"]
[Result "1-0"]
[WhiteElo "2099"]
[BlackElo "2005"]
[PlyCount "97"]
[EventDate "2014.08.02"]
[EventType "swiss"]
[EventRounds "9"]
[EventCountry "RUS"]
[SourceTitle "EXT 2016"]
[Source "ChessBase"]
[SourceDate "2015.10.08"]
[SourceVersion "1"]
[SourceVersionDate "2015.10.08"]
[SourceQuality "1"]

1. e4 c5 2. Nf3 e6 3. d4 cxd4 4. Nxd4 Nc6 5. Nc3 d6 6. Be3 a6 7. Qd2 Nf6 8. Bd3 Be7 9. h3 0-0 10. f4 Qc7 11. 0-0 Nxd4 12. Bxd4 e5 13. Be3 exf4 14. Bxf4 Be6 15. Ne2 Nd7 16. Nd4 Bf6 17. c3 g6 18. Be2 Ne5 19. b3 Qe7 20. c4 Rad8 21. Rad1 Bd7 22. Bh6 Bg7 23. Bg5 f6 24. Bf4 Bc6 25. Qe3 Rfe8 26. Rfe1 Qc7 27. Nxc6 bxc6 28. c5 Bf8 29. Bxa6 dxc5 30. Bc4+ Kh8 31. Qc3 Bd6 32. Rf1 Rf8 33. Bh6 Rfe8 34. Rxf6 Rd7 35. Rdxd6 Rxd6 36. Rf7 Qxf7 37. Bxf7 Re7 38. Bc4 Re8 39. Be3 Kg7 40. Bxc5 Rd7 41. Bd4 Kf6 42. a4 Rde7 43. a5 Rc8 44. Bc5 Rd7 45. a6 Rd1+ 46. Kh2 Rd7 47. a7 Ra8 48. Bd4 Re7 49. b4 1-0

[Event "St Petersburg Botvinnik Memorial op"]
[Site "St Petersburg"]
[Date "2012.08.30"]
[Round "6"]
[White "Nikitinyh, Boris Aleksandrovic"]
[Black "Mikhailov, Ivan"]
[Result "1-0"]
[WhiteElo "2185"]
[BlackElo "2026"]
[PlyCount "77"]
[EventDate "2012.08.25"]
[EventType "swiss"]
[EventRounds "9"]
[EventCountry "RUS"]
[SourceTitle "CBM 150 Extra"]
[Source "ChessBase"]
[SourceDate "2012.10.19"]
[SourceVersion "1"]
[SourceVersionDate "2012.10.19"]
[SourceQuality "1"]

1. e4 c5 2. Nf3 Nc6 3. d4 cxd4 4. Nxd4 e6 5. Be2 d6 6. Be3 Nf6 7. Nc3 Be7 8. 0-0 0-0 9. f4 a6 10. Bf3 Qc7 11. Na4 Rb8 12. c4 Nxd4 13. Bxd4 b5 14. cxb5 axb5 15. Nc3 b4 16. Ne2 e5 17. Be3 Ng4 18. Bxg4 Bxg4 19. f5 Qc4 20. Rf2 Qxe4 21. Qd2 Bxe2 22. Qxe2 d5 23. Rd1 d4 24. Bxd4 Qxe2 25. Rxe2 Rfd8 26. Rxe5 Bf6 27. Re4 Rb5 28. Rde1 Bxd4+ 29. Rxd4 Rc8 30. Red1 Rbb8 31. R1d3 h6 32. Kf2 Ra8 33. Rxb4 Rxa2 34. Kf3 Rc2 35. Rd8+ Kh7 36. Rbb8 g6 37. f6 g5 38. Rg8 g4+ 39. Rxg4 1-0

[Event "St Petersburg Botvinnik Memorial op"]
[Site "St Petersburg"]
[Date "2012.08.25"]
[Round "1"]
[White "Mikhailov, Ivan"]
[Black "Malakhov, Igor"]
[Result "0-1"]
[WhiteElo "2026"]
[BlackElo "2442"]
[PlyCount "56"]
[EventDate "2012.08.25"]
[EventType "swiss"]
[EventRounds "9"]
[EventCountry "RUS"]
[SourceTitle "CBM 150 Extra"]
[Source "ChessBase"]
[SourceDate "2012.10.19"]
[SourceVersion "1"]
[SourceVersionDate "2012.10.19"]
[SourceQuality "1"]

1. d4 Nf6 2. c4 c5 3. d5 g6 4. Nc3 Bg7 5. e4 0-0 6. Bg5 h6 7. Bf4 d6 8. Be2 e5 9. dxe6 Bxe6 10. Qd2 Nc6 11. Bxh6 Bxh6 12. Qxh6 Nd4 13. Qd2 Qa5 14. Rc1 Nxe2 15. Qxe2 Qb4 16. b3 Rfe8 17. Nf3 Nxe4 18. a3 Nxc3 19. axb4 Nxe2 20. Kxe2 Bxc4+ 21. Kd2 Bxb3 22. bxc5 dxc5 23. Rxc5 Rad8+ 24. Kc3 Bd5 25. Ra1 a6 26. Ne1 Bc6 27. Rc4 Re2 28. Rf4 Rdd2 0-1

[Event "Kimry Winter op"]
[Site "Kimry"]
[Date "2012.01.30"]
[Round "7"]
[White "Vetokhin, Ilia"]
[Black "Mikhailov, Ivan"]
[Result "0-1"]
[WhiteElo "1588"]
[BlackElo "2024"]
[PlyCount "42"]
[EventDate "2012.01.27"]
[EventType "swiss"]
[EventRounds "8"]
[EventCountry "RUS"]
[SourceTitle "CBM 146 Extra"]
[Source "ChessBase"]
[SourceDate "2012.02.29"]
[SourceVersion "1"]
[SourceVersionDate "2012.02.29"]
[SourceQuality "1"]

1. e4 c5 2. Nf3 Nc6 3. d4 cxd4 4. Nxd4 g6 5. Nc3 Bg7 6. Nf3 d6 7. Bd2 Nf6 8. Bd3 0-0 9. 0-0 a6 10. a3 b5 11. Qc1 Re8 12. Bh6 Bh8 13. Bd2 Bb7 14. b4 d5 15. Nxd5 Nxd5 16. exd5 Qxd5 17. Rb1 e5 18. Ne1 e4 19. Be2 Nd4 20. Bd1 e3 21. Nf3 e2 0-1

[Event "Kimry Winter op"]
[Site "Kimry"]
[Date "2012.01.29"]
[Round "6"]
[White "Mikhailov, Ivan"]
[Black "Bykova, Natalia"]
[Result "0-1"]
[WhiteElo "2024"]
[BlackElo "1763"]
[PlyCount "88"]
[EventDate "2012.01.27"]
[EventType "swiss"]
[EventRounds "8"]
[EventCountry "RUS"]
[SourceTitle "CBM 146 Extra"]
[Source "ChessBase"]
[SourceDate "2012.02.29"]
[SourceVersion "1"]
[SourceVersionDate "2012.02.29"]
[SourceQuality "1"]

1. d4 Nf6 2. c4 e6 3. g3 d5 4. Nf3 dxc4 5. Bg2 c6 6. 0-0 Be7 7. a4 Nbd7 8. Nc3 Nb6 9. Ne5 0-0 10. e4 c5 11. d5 exd5 12. exd5 Bd6 13. Re1 Re8 14. Nf3 Bg4 15. a5 Rxe1+ 16. Qxe1 Nbxd5 17. Nxd5 Nxd5 18. Qe4 Nf6 19. Qxb7 Bc7 20. Bg5 Qb8 21. a6 Bc8 22. Qc6 Bd7 23. Qxc5 Qxb2 24. Bxf6 gxf6 25. Qd4 Qxd4 26. Nxd4 Rb8 27. Rc1 Be5 28. Nf3 Bf5 29. Nxe5 fxe5 30. Bd5 Rb5 31. Bxc4 Rb1 32. Rxb1 Bxb1 33. Kf1 Kf8 34. Ke2 Ke7 35. f3 f6 36. Ke3 Kd6 37. f4 e4 38. Kd4 h6 39. g4 Bc2 40. h4 Ke7 41. Be2 Kf8 42. Kd5 Bd3 43. Bd1 e3 44. Kc6 Bxa6 0-1

[Event "Kimry op Aug"]
[Site "Kimry"]
[Date "2011.08.30"]
[Round "4"]
[White "Zhuravlev, Leonid"]
[Black "Mikhailov, Ivan"]
[Result "0-1"]
[WhiteElo "1372"]
[BlackElo "2023"]
[PlyCount "60"]
[EventDate "2011.08.29"]
[EventType "swiss"]
[EventRounds "7"]
[EventCountry "RUS"]
[SourceTitle "CBM 144 Extra"]
[Source "ChessBase"]
[SourceDate "2011.10.28"]
[SourceVersion "1"]
[SourceVersionDate "2011.10.28"]
[SourceQuality "1"]

1. e4 c5 2. Nf3 Nc6 3. d4 cxd4 4. Nxd4 g6 5. Nc3 Bg7 6. Be3 Nf6 7. Bd3 0-0 8. 0-0 d5 9. Nde2 d4 10. Bxd4 Nxd4 11. Nxd4 Qxd4 12. Qf3 Bg4 13. Qg3 Be6 14. Qc7 Qd7 15. Qxd7 Nxd7 16. Rfe1 Rac8 17. Nd1 Bc4 18. f3 Bxd3 19. cxd3 Rc2 20. Kf1 Ne5 21. Re3 Bh6 22. Re2 Rfc8 23. Rxc2 Rxc2 24. Ke1 Nxd3+ 25. Kf1 Bc1 26. b3 Rd2 27. Ne3 Rf2+ 28. Kg1 Bxe3 29. Rf1 Rxf3+ 30. Kh1 Rxf1# 0-1

[Event "Kimry Summer op"]
[Site "Kimry"]
[Date "2011.06.10"]
[Round "5"]
[White "Kobozeva, Viktoria"]
[Black "Mikhailov, Ivan"]
[Result "0-1"]
[WhiteElo "1713"]
[BlackElo "2011"]
[PlyCount "32"]
[EventDate "2011.06.08"]
[EventType "tourn"]
[EventRounds "7"]
[EventCountry "RUS"]
[SourceTitle "CBM 142 Extra"]
[Source "ChessBase"]
[SourceDate "2011.06.27"]
[SourceVersion "1"]
[SourceVersionDate "2011.06.27"]
[SourceQuality "1"]

1. e4 c5 2. Nf3 Nc6 3. d4 cxd4 4. Nxd4 g6 5. Nc3 Bg7 6. Be3 Nf6 7. f3 0-0 8. Qd2 d5 9. exd5 Nxd5 10. Nxd5 Qxd5 11. 0-0-0 Qxa2 12. c3 Bxd4 13. Bxd4 Bf5 14. Qf2 e5 15. g4 exd4 16. gxf5 dxc3 0-1

[Event "St Petersburg Blockade op"]
[Site "St Petersburg"]
[Date "2011.01.07"]
[Round "5"]
[White "Churkin, Vitaly"]
[Black "Mikhailov, Ivan"]
[Result "1-0"]
[WhiteElo "2313"]
[BlackElo "1978"]
[PlyCount "101"]
[EventDate "2011.01.03"]
[EventType "swiss"]
[EventRounds "9"]
[EventCountry "RUS"]
[SourceTitle "CBM 140 Extra"]
[Source "ChessBase"]
[SourceDate "2011.03.01"]
[SourceVersion "1"]
[SourceVersionDate "2011.03.01"]
[SourceQuality "1"]

1. c4 c5 2. Nf3 Nc6 3. Nc3 Nf6 4. e3 d5 5. d4 cxd4 6. exd4 Bf5 7. cxd5 Nxd5 8. Bb5 e6 9. Ne5 Nxc3 10. bxc3 Qd5 11. Bxc6+ bxc6 12. 0-0 f6 13. c4 Qd6 14. Nf3 Be7 15. a4 Bg4 16. Re1 0-0 17. Ba3 Qd7 18. Bxe7 Qxe7 19. Qd3 Qd6 20. h3 Bf5 21. Qe3 Rfe8 22. Nh4 Bc2 23. Ra2 Bg6 24. Nxg6 hxg6 25. Qe4 Kf7 26. Rb2 Rab8 27. Reb1 Rxb2 28. Rxb2 Rd8 29. Rb7+ Rd7 30. c5 Qe7 31. Rb3 Rd5 32. a5 e5 33. a6 exd4 34. Rb7 Rd7 35. Qxc6 Ke8 36. Qb5 Qe1+ 37. Kh2 Qe5+ 38. g3 Qd5 39. Rxd7 Qxd7 40. c6 Qc7 41. Qd5 Ke7 42. Qxd4 g5 43. Qd5 Qd6 44. Qe4+ Kd8 45. Qe3 Qe7 46. Qb3 Qc5 47. Qd3+ Kc7 48. Qd7+ Kb6 49. Qb7+ Ka5 50. Kg1 Qc1+ 51. Kg2 1-0

[Event "Kimry op Jan"]
[Site "Kimry"]
[Date "2011.01.05"]
[Round "7"]
[White "Mikhailov, Ivan"]
[Black "Vorobjev, Dmitry"]
[Result "0-1"]
[WhiteElo "1968"]
[BlackElo "2154"]
[PlyCount "100"]
[EventDate "2011.01.02"]
[EventType "swiss"]
[EventRounds "9"]
[EventCountry "RUS"]
[SourceTitle "CBM 140 Extra"]
[Source "ChessBase"]
[SourceDate "2011.03.01"]
[SourceVersion "1"]
[SourceVersionDate "2011.03.01"]
[SourceQuality "1"]

1. d4 Nf6 2. c4 g6 3. Nc3 Bg7 4. e4 0-0 5. Nf3 d6 6. Be2 e5 7. d5 a5 8. Bg5 h6 9. Bh4 Na6 10. Nd2 Qe8 11. a3 Bd7 12. b3 Nh7 13. f3 h5 14. 0-0 Bh6 15. Kh1 Be3 16. Rb1 Bd4 17. Qc1 f5 18. exf5 gxf5 19. Nb5 Bb6 20. Bf2 Bxf2 21. Rxf2 Nf6 22. b4 axb4 23. axb4 Qe7 24. Nc3 h4 25. Nf1 Rf7 26. Bd3 Nh5 27. Ra2 Nf4 28. Qd1 Raf8 29. Ne3 Kh8 30. Bf1 Rh7 31. Rbb2 Qg5 32. c5 Nh5 33. Nc4 Ng3+ 34. Kg1 Nxf1 35. Qxf1 dxc5 36. bxc5 Nxc5 37. Re2 Qf4 38. Nxe5 Qd4+ 39. Kh1 Qxc3 40. Ng6+ Kg7 41. Nxf8 Kxf8 42. Rec2 Qd4 43. Rd2 Qe5 44. Ra8+ Kf7 45. Rd1 h3 46. g3 Qb2 47. Ra5 b6 48. Ra7 Bb5 49. Qg1 Qe2 50. Ra3 Bd3 0-1

[Event "Kimry op Jan"]
[Site "Kimry"]
[Date "2011.01.04"]
[Round "4"]
[White "Mikhailov, Ivan"]
[Black "Malkov, Gleb"]
[Result "1-0"]
[WhiteElo "1968"]
[BlackElo "1658"]
[PlyCount "77"]
[EventDate "2011.01.02"]
[EventType "swiss"]
[EventRounds "9"]
[EventCountry "RUS"]
[SourceTitle "CBM 140 Extra"]
[Source "ChessBase"]
[SourceDate "2011.03.01"]
[SourceVersion "1"]
[SourceVersionDate "2011.03.01"]
[SourceQuality "1"]

1. d4 Nf6 2. c4 c6 3. Nc3 d5 4. Nf3 Bf5 5. cxd5 cxd5 6. Qb3 Qd7 7. Ne5 Qc7 8. Nxd5 Nxd5 9. Qxd5 e6 10. Qb5+ Nc6 11. Bd2 Bd6 12. Nxc6 Qxc6 13. e3 0-0 14. Qxc6 bxc6 15. Ba6 Rab8 16. b3 Bb4 17. Bxb4 Rxb4 18. Rc1 Rb6 19. Be2 h6 20. Rc5 Bb1 21. Ra5 Rb7 22. 0-0 Be4 23. f3 Bf5 24. Rc1 Rc8 25. Ba6 Rbc7 26. Bxc8 Rxc8 27. Rxa7 Bd3 28. Rc3 Bb5 29. a4 Be2 30. Kf2 Bd1 31. Ke1 Bxb3 32. Rxb3 c5 33. Rc3 c4 34. a5 Rc6 35. a6 Rc8 36. Rb7 Ra8 37. a7 Kh7 38. Rxc4 f6 39. Rcc7 1-0

[Event "Kimry op Jan"]
[Site "Kimry"]
[Date "2011.01.03"]
[Round "3"]
[White "Bivol, Alina"]
[Black "Mikhailov, Ivan"]
[Result "1-0"]
[WhiteElo "2114"]
[BlackElo "1968"]
[PlyCount "63"]
[EventDate "2011.01.02"]
[EventType "swiss"]
[EventRounds "9"]
[EventCountry "RUS"]
[SourceTitle "CBM 140 Extra"]
[Source "ChessBase"]
[SourceDate "2011.03.01"]
[SourceVersion "1"]
[SourceVersionDate "2011.03.01"]
[SourceQuality "1"]

1. e4 c5 2. c3 e6 3. d4 d5 4. e5 Nc6 5. Nf3 Bd7 6. Be2 Nh6 7. a3 f6 8. b4 cxd4 9. Bxh6 gxh6 10. cxd4 fxe5 11. Nxe5 Nxe5 12. dxe5 Qg5 13. 0-0 Qxe5 14. Nd2 0-0-0 15. b5 Bd6 16. Nf3 Qg7 17. Qb3 Rhg8 18. g3 h5 19. Rab1 Kb8 20. Rfd1 Bc5 21. Qa4 Rdf8 22. Rbc1 Bb6 23. Qb4 Ka8 24. a4 Bd8 25. a5 Be7 26. Qa4 h4 27. Nxh4 Qf6 28. Nf3 e5 29. Rxd5 Bg4 30. Qe4 Bxf3 31. Bxf3 Qxf3 32. Rc8+ 1-0

[Event "St Petersburg Autumn op"]
[Site "St Petersburg"]
[Date "2010.10.24"]
[Round "9"]
[White "Mikhailov, Ivan"]
[Black "Bekhovskiy, Mikhail"]
[Result "1-0"]
[WhiteElo "1949"]
[BlackElo "1818"]
[PlyCount "69"]
[EventDate "2010.10.16"]
[EventType "swiss"]
[EventRounds "9"]
[EventCountry "RUS"]
[SourceTitle "EXT 2011"]
[Source "ChessBase"]
[SourceDate "2010.11.26"]
[SourceVersion "1"]
[SourceVersionDate "2010.11.26"]
[SourceQuality "1"]

1. d4 Nf6 2. c4 g6 3. Nc3 Bg7 4. e4 d6 5. Be2 0-0 6. Bg5 Na6 7. f4 c5 8. d5 Qd7 9. e5 Ne8 10. Nf3 Nec7 11. 0-0 Qe8 12. Bh4 Bf5 13. h3 h5 14. Qd2 Nb8 15. Rae1 Qd7 16. Bd3 Re8 17. Ng5 e6 18. Bxf5 exf5 19. e6 fxe6 20. dxe6 Qc6 21. Nd5 Nxd5 22. cxd5 Qb6 23. b3 Na6 24. Kh1 Nc7 25. e7 Bf6 26. Nf3 Bg7 27. Bg5 a5 28. Nh4 Kh7 29. g4 Qb4 30. Qxb4 axb4 31. gxf5 gxf5 32. Nxf5 Rxa2 33. Nxd6 Nxd5 34. Nxe8 Nc7 35. Nxc7 1-0

[Event "St Petersburg Autumn op"]
[Site "St Petersburg"]
[Date "2010.10.20"]
[Round "5"]
[White "Mikhailov, Ivan"]
[Black "Toporkova, Sofia"]
[Result "1-0"]
[WhiteElo "1949"]
[BlackElo "1578"]
[PlyCount "133"]
[EventDate "2010.10.16"]
[EventType "swiss"]
[EventRounds "9"]
[EventCountry "RUS"]
[SourceTitle "EXT 2011"]
[Source "ChessBase"]
[SourceDate "2010.11.26"]
[SourceVersion "1"]
[SourceVersionDate "2010.11.26"]
[SourceQuality "1"]

1. d4 d5 2. c4 e6 3. Nf3 Nf6 4. g3 Be7 5. Bg2 c6 6. Qc2 0-0 7. 0-0 Nbd7 8. Nbd2 b6 9. e4 dxe4 10. Nxe4 Bb7 11. Rd1 Qc8 12. Nc3 Rd8 13. Bf4 Nf8 14. Ne5 Ng6 15. Nxg6 hxg6 16. Qe2 Bd6 17. Bg5 Re8 18. Qf3 Be7 19. Rd2 Nh7 20. Bxe7 Rxe7 21. Ne4 Qc7 22. Rad1 f5 23. Nc3 Nf6 24. Qd3 Rd8 25. Qc2 a6 26. f4 b5 27. Qb3 bxc4 28. Qxc4 Nd5 29. Re2 Kf7 30. Rde1 Rde8 31. Na4 Qa5 32. Nc5 Qb5 33. Qc2 Nb4 34. Qb3 Nd5 35. h4 Qxb3 36. Nxb3 Rd8 37. Nc5 Bc8 38. a3 Rd6 39. Kf2 Nc7 40. Ke3 a5 41. Rc2 Nd5+ 42. Bxd5 exd5+ 43. Kf2 Rxe1 44. Kxe1 a4 45. Re2 Rd8 46. Kd2 Re8 47. Rxe8 Kxe8 48. Kc3 Kf7 49. Kb4 g5 50. h5 g6 51. h6 gxf4 52. gxf4 g5 53. fxg5 Kg6 54. Nd3 Ba6 55. Nf4+ Kh7 56. Kxa4 c5 57. dxc5 d4 58. Kb4 Bf1 59. c6 Ba6 60. c7 Bc8 61. Kc4 Bd7 62. Kxd4 Bc8 63. b4 Bd7 64. Kd5 Bc8 65. Kd6 Ba6 66. Kd7 Bc4 67. g6+ 1-0

[Event "St Petersburg White Nights op"]
[Site "St Petersburg"]
[Date "2010.06.21"]
[Round "6"]
[White "Paramzina, Anastasya"]
[Black "Mikhailov, Ivan"]
[Result "0-1"]
[WhiteElo "1809"]
[BlackElo "1920"]
[PlyCount "58"]
[EventDate "2010.06.16"]
[EventType "swiss"]
[EventRounds "9"]
[EventCountry "RUS"]
[SourceTitle "EXT 2011"]
[Source "ChessBase"]
[SourceDate "2010.11.26"]
[SourceVersion "1"]
[SourceVersionDate "2010.11.26"]
[SourceQuality "1"]

1. e4 c5 2. Nf3 Nc6 3. d4 cxd4 4. Nxd4 g6 5. c4 Bg7 6. Be3 Nf6 7. Nc3 Ng4 8. Qxg4 Nxd4 9. Qd1 Ne6 10. Be2 Bxc3+ 11. bxc3 Qa5 12. Qd2 d6 13. 0-0 0-0 14. f4 Nc5 15. Bf3 Be6 16. Qd4 f6 17. Be2 Bf7 18. e5 Ne6 19. Qd2 dxe5 20. f5 Nc5 21. fxg6 hxg6 22. Qe1 Kg7 23. Rb1 b6 24. Qc1 Rh8 25. a3 Rac8 26. Rd1 Be6 27. Rb5 Qa6 28. Kh1 Rh4 29. Qd2 Rch8 0-1